Reading 'Bollywood' : (Record no. 609374)

MARC details
000 -LEADER
fixed length control field 00507nam a2200193 a 4500
008 - FIXED-LENGTH DATA ELEMENTS--GENERAL INFORMATION
fixed length control field 260127s2006##################000#0#eng##
020 ## - INTERNATIONAL STANDARD BOOK NUMBER
ISBN 9780230001725
082 04 - DEWEY DECIMAL CLASSIFICATION NUMBER
Classification number 302.2340954
Item number BAN
100 1# - MAIN ENTRY--AUTHOR NAME
Personal name Banaji, Shakuntala,
245 10 - TITLE STATEMENT
Title Reading 'Bollywood' :
260 ## - PUBLICATION, DISTRIBUTION, ETC. (IMPRINT)
Name of publisher Palgrave Macmillan,
Year of publication 2006.
300 ## - PHYSICAL DESCRIPTION
Number of Pages 232 pages
650 #0 - SUBJECT ADDED ENTRY--TOPICAL TERM
Topical Term Performing Arts.
942 ## - ADDED ENTRY ELEMENTS (KOHA)
Koha item type English Books
Holdings
Withdrawn status Lost status Damaged status Not for loan Home library Current library Shelving location Date acquired Full call number Accession Number Price effective from Koha item type
        Anna Centenary Library Anna Centenary Library 3RD FLOOR, B WING 28.01.2026 302.2340954 BAN 307129 28.01.2026 English Books

Find us on the map